000
00493nam a2200133Ia 4500
008
090124s9999 xx 000 0 und d
082
_b
204340
245
_a
बाबा साहेब आंबेडकर एक चिंतन
250
_a
1
260
_b
लिमये मधु
_c
1997
630
_a
बाबा साहेब आंबेडकर एक चिंतन
730
_a
बाबा साहेब आंबेडकर एक चिंतन
942
_c
BOOK
999
_c
185921
_d
185921